| 000 | 00417nam a22001577a 4500 | ||
|---|---|---|---|
| 999 |
_c104 _d104 |
||
| 005 | 20180807170430.0 | ||
| 008 | 180807b ||||| |||| 00| 0 eng d | ||
| 040 | _cDCL | ||
| 082 |
_a234.6 _bM984S |
||
| 100 | _aMurry, Andrew | ||
| 245 |
_aThe school of Obedience _cAndrew Murry |
||
| 260 |
_aMadras _bEvangelical Literature Service _c2000 |
||
| 300 | _a126 p. | ||
| 650 |
_aObedience _xConduct of life |
||
| 942 |
_2ddc _cBK |
||